Subdivision capitals closest to Székesfehérvár (HU) - Statistics

General Stats
  • This quiz has been taken 14 times
  • The average score is 14 of 20
Answer Stats
Distance (km) Answer % Correct
3 59 Budapest
100%
13 144 Bratislava
80%
20 167 Eger
80%
4 80 Győr
80%
6 102 Kecskemét
80%
9 125 Pécs
80%
15 146 Salgótarján
80%
11 135 Szolnok
80%
12 135 Szombathely
80%
2 43 Tatabánya
80%
1 40 Veszprém
80%
7 104 Kaposvár
70%
5 96 Szekszárd
70%
8 125 Zalaegerszeg
70%
14 146 Trnava
60%
10 127 Nitra
50%
17 159 Eisenstadt
40%
19 167 Sombor
40%
16 155 Subotica
40%
18 166 Koprivnica
20%
No matching quizzes found
Score Distribution
Percent of People with Each Score
Percentile by Number Answered
Your Score History
You have not taken this quiz